|
|
|
|
| LEADER |
00000nab a2200000 a 4500 |
| 001 |
vtls001495979 |
| 003 |
SK-MaSNL |
| 005 |
20260318132522.0 |
| 008 |
141112c2003 xo 0 eng |
| 015 |
|
|
|a SNBCL2005/2
|
| 040 |
|
|
|a SLKCL
|b slo
|c SNKBUCL
|e AACR2
|
| 041 |
|
|
|a eng
|
| 044 |
|
|
|a xo
|c SK
|
| 080 |
|
|
|a 613.81:616.89-008.441.13
|2 1981
|
| 100 |
1 |
|
|a Radková, Libuša,
|d 1961-
|4 aut
|9 14038
|
| 245 |
1 |
0 |
|a Social aspects alcoholics patients
|c Libuša Radková, Ondrej Botek
|
| 504 |
|
|
|a Bibliogr. odkazy
|
| 650 |
0 |
7 |
|a alkoholizmus
|2 MESH
|9 14184
|
| 650 |
0 |
7 |
|a faktory sociálno-ekonomické
|2 MESH
|9 619791
|
| 650 |
0 |
7 |
|a odmietanie (psychológia)
|2 MESH
|9 1216353
|
| 650 |
0 |
7 |
|a frustrácia
|2 MESH
|9 19974
|
| 650 |
0 |
7 |
|a sebaobraz
|2 MESH
|9 871994
|
| 650 |
0 |
7 |
|a správanie impulzívne
|2 MESH
|9 1216354
|
| 650 |
0 |
7 |
|a kriminológia
|2 MESH
|9 2660
|
| 700 |
1 |
|
|a Botek, Ondrej,
|d 1976-
|4 aut
|9 231676
|
| 773 |
0 |
|
|t Journal of health management and public health
|g Vol. 7, no. 3 (2003), p. 29-30
|x 1335-1885
|
| 850 |
|
|
|a Slovenská lekárska knižnica v Bratislave
|a BA006
|
| 852 |
|
|
|a BA006
|b KIS3GCP
|b 000500000
|
| 999 |
|
|
|c 2130713
|d 2132643
|